| 000 | 00599nam a2200181 a 4500 | ||
|---|---|---|---|
| 999 |
_c4772 _d4772 |
||
| 005 | 20240817052348.0 | ||
| 008 | 140123b2007 ck ||||| |||| 00| 0 spa d | ||
| 040 |
_cCO-BoIH _aCO-BoIAVH |
||
| 041 | _aspa | ||
| 044 | _ack | ||
| 090 |
_aIAVH _b00405 |
||
| 100 |
_aRincón B., Sofía A. _94959 |
||
| 245 |
_aLineamientos guía para la evaluación de criterios de biodiversidad en los estudios ambientales requeridos para licenciamiento ambiental _bplan de capacitación |
||
| 260 |
_aBogotá _bInstituto Alexander von Humboldt _c2009 |
||
| 300 | _a206 p. | ||
| 942 |
_cINFORME _2z |
||
| 945 | _d2005-11-09 | ||